000 00801nam a2200277Ia 4500
003 OSt
005 20221006153551.0
006 a|||||r|||| 00| 0
007 ta
008 221006b |||||||| |||| 00| 0 eng d
020 _a1565912128
_cW 20,000
024 _a32,712
037 _bGift, 19/10/2007, Korean Embassy
_cTextual
040 _aEASL
_cEASL
_beng
041 _2eng
_aeng
082 _az495, P3
100 _aKorean Overseas Information Service Au.
245 0 _aHandbook of Korea
250 _a11th Edi.
260 _aSeoul
_bHollym Korea
_c2003
300 _a671p.
_ccm.
490 _v KEL
650 _aHandbook
_9279951
942 _hz495, P3
_cTEXL
_2CC
999 _c1100798
_d1100798